000 01927nam a2200505 c 4500
001 137231
003 BLK
005 20250320113520.0
008 180409b bul|||||r ||||||| ||bul||
010 _aKNG00143197000
020 _a978-619-7058-03-1
040 _aBLK
041 _aBUL
_cBUL
072 7 _2bullib
_aН84
_xБългарска художествена литература Н
072 7 _2bullib
_aЯ
_xАвтографи
072 7 _2bullib
_aК
_xКраезнание
080 _aБългарска литература
_b821.163.2
_x-4
_z821.163.2-4
080 _aВътрешна политика. Вж и 329
_b323
_x(497.2)(091)(047.53)
_z323(497.2)(091)(047.53)
080 _aЗамърсяване на въздуха
_b504.3.054
_x(497.2)(091)(047.53)
_z504.3.054(497.2)(091)(047.53)
139 _aРусе срещу хлора
_bР 94
245 1 0 _aРусе срещу хлора
_bСборник
_cсъстав. и предг. от Николай Иванов Чакъров.
257 _aBGR
260 _bЛени-Ан
_c2013
300 _a173 с.
_bсъс сн.
_c20 см
380 _aX
500 _aИзд. на СОУ с преподаване на нем. ез. Фр. Шилер - Русе. - Рез. на англ., нем.
650 4 _aРусе - екологични проблеми
_9292757
653 _aхлор
653 _aобгазяване
653 _aинтервюта
659 _aК
659 _aН
659 _aЯ
700 _aЧакъров, Николай Иванов
_d1970-
_gИсторик
_9325753
852 _aЦб 259553
852 _aК 821.163.2/Р 94
856 4 _qpdf
856 4 _qpdf
942 _cKNG
_n0
_s1
_02
944 _aCR
_c29.05.2013
_k30535
_lХристина Везирева
944 _aED
_c06.08.2015
_kВиолета_Тройчева
999 _c137231
_d137231
999 _d137231
999 _d137231
999 _d137231